An idealist inIndia: (Record no. 102306)

MARC details
000 -LEADER
fixed length control field 01121nam a22002657a 4500
005 - DATE AND TIME OF LATEST TRANSACTION
control field 20180606170911.0
010 ## - LCCN (DPL NO)
LC control number ENG-123166
020 ## - INTERNATIONAL STANDARD BOOK NUMBER
International Standard Book Number 9789384082932
Terms of availability 1450.00
035 ## - SYSTEM CONTROL NUMBER
System control number B-650290-294
035 ## - SYSTEM CONTROL NUMBER
System control number EN-106698
035 ## - SYSTEM CONTROL NUMBER
System control number B-664676
037 ## - SOURCE OF ACQUISITION
Source of stock number/acquisition BSB
Stock number dpl
037 ## - SOURCE OF ACQUISITION
Source of stock number/acquisition DBAD/PUB
082 ## - DEWEY DECIMAL CLASSIFICATION NUMBER
Classification number 370.954
100 ## - MAIN ENTRY--PERSONAL NAME
Personal name Sen,Amiya P.
245 ## - TITLE STATEMENT
Title An idealist inIndia:
Statement of responsibility, etc by Amiya P. Sen
Remainder of title selected writings and speeches of Nivedita /
260 ## - PUBLICATION, DISTRIBUTION, ETC. (IMPRINT)
Place of publication, distribution, etc Delhi
Name of publisher, distributor, etc Primus Books.
Date of publication, distribution, etc 2016
270 ## - ADDRESS
Address Virat Bhawan, Mukhrjee Nagar Commercial Complex.
City Delhi
Postal code 110009
300 ## - PHYSICAL DESCRIPTION
Extent xi,225p.
Other physical details 24cm(Hb)
650 ## - SUBJECT ADDED ENTRY--TOPICAL TERM
Topical term or geographic name as entry element Folk literature, Marathi
Form subdivision Translations into English.
650 ## - SUBJECT ADDED ENTRY--TOPICAL TERM
Topical term or geographic name as entry element Dhangar (Indic people)
Form subdivision Folklore.
942 ## - ADDED ENTRY ELEMENTS (KOHA)
Source of classification or shelving scheme Dewey Decimal Classification
Item type English Books
Classification part 370.954
Call number suffix SEN
Holdings
Withdrawn status Lost status Not for loan Collection code Home library Current library Date acquired Source of acquisition Cost, normal purchase price Full call number Barcode Copy number Cost, replacement price Koha item type
      Non-fiction Ashok Vihar Ashok Vihar 06/07/2017 BPPD/EN/2016-17/AV2016-17/455/15.02.2017/BSB/IN513/28.02.2017/06.03.2017 1450.00 370.954 SEN B-664676 1 1450.00 English Books
      Non-fiction Central Library Central Library 31/01/2017 BPPD/EN/2016-17/289/24.11.2016/337/2.12.2016/4.1.2017 1450.00 370.954 SEN B-650290 1 1450.00 English Books
    Not For Loan Reference Central Library Central Library 31/01/2017 BPPD/EN/2016-17/289/24.11.2016/337/2.12.2016/4.1.2017 1450.00 370.954 SEN B-650291 1 1450.00 English Books
      Non-fiction Janak Puri Janak Puri 31/01/2017 BPPD/EN/2016-17/289/24.11.2016/337/2.12.2016/4.1.2017 1450.00 370.954 SEN B-650294 1 1450.00 English Books
      Non-fiction Kasturba Gandhi Marg Kasturba Gandhi Marg 31/01/2017 BPPD/EN/2016-17/289/24.11.2016/337/2.12.2016/4.1.2017 1450.00 370.954 SEN B-650293 1 1450.00 English Books
      Non-fiction Patel Nagar Patel Nagar 31/01/2017 BPPD/EN/2016-17/289/24.11.2016/337/2.12.2016/4.1.2017 1450.00 370.954 SEN B-650292 1 1450.00 English Books
      Non-fiction Shahdara Branch Shahdara Branch 06/06/2018 DBAD/PUB 1450.00 370.954 SEN EN-106698 1 1450.00 English Books

© Delhi Public Library
Hit Counter
free hit counter